000
00285nam a22001337a 4500
041
_a
ENG
100
_a
Chung.K.F
245
_a
Bamboo Scaffolds In Building Construction No 8
260
_a
Delhi
_b
INBAR
_c
2002
300
_a
110
650
_a
FS
700
_a
Chan.S.L
856
_u
FS
999
_c
800
_d
800